Normal view
MARC view
- Hamza Nisar (00000318511)
Entry Personal Name
001 - CONTROL NUMBER
- control field: 116668
003 - CONTROL NUMBER IDENTIFIER
- control field: NUST
005 - DATE AND TIME OF LATEST TRANSACTION
- control field: 20230912170021.0
008 - FIXED-LENGTH DATA ELEMENTS
- fixed length control field: 230912|| aca||aabn | a|a d
040 ## - CATALOGING SOURCE
- Original cataloging agency: NUST
- Transcribing agency: NUST
100 ## - HEADING--PERSONAL NAME
- Personal name: Hamza Nisar (00000318511)
670 ## - SOURCE DATA FOUND
- Source citation: Work cat.: (NUST): Hamza Nisar (00000318511), Development of Floating PV Test Bench and its Comparison with On Ground PV System /, 2022
